[Event "DEM U12/U12w 2013"]
[Site "Oberhof GER"]
[Date "2013.05.19"]
[Round "2"]
[White "Reitz, Theresa"]
[Black "Wübker, Paul-Luca"]
[Result "0-1"]
[Termination "normal"]
[Board "41"]
[WhiteElo "1113"]
[BlackElo "1479"]
[PlyCount "120"]
[WhiteFideId "12971901"]
[BlackFideId "12939528"]
[EventCountry "GER"]
[EventRounds "11"]
[EventType "swiss"]
[EventDate "2013.05.18"]

1. e4 c5 2. Nf3 d6 3. c3 Nf6 4. d3 Nc6 5. Be2 g6 6. O-O Bg7 7. Nbd2 Bg4 8. Re1
O-O 9. Nf1 Qb6 10. a3 a6 11. b4 cxb4 12. axb4 Bxf3 13. Bxf3 Nd7 14. Be3 Qc7 15.
Qd2 Nce5 16. Be2 Nc6 17. Ng3 Na7 18. Rac1 Rfc8 19. c4 Qd8 20. Rc2 b5 21. Rec1
bxc4 22. dxc4 Rcb8 23. c5 dxc5 24. bxc5 Nc6 25. Ra2 a5 26. Rc4 Nde5 27. Qxd8+
Rxd8 28. Rca4 Nb4 29. Ra1 Nec6 30. Bb5 Bxa1 31. Bxc6 Nxc6 32. Rxa1 a4 33. Ra3
Nb4 34. Bf4 Rdc8 35. Bd2 Nc2 36. Ra2 Rxc5 37. Kf1 a3 38. Ne2 Rc4 39. Nc3 Nb4
40. Ra1 a2 41. Ke2 Rd4 42. Kd1 Rad8 43. Nd5 e6 44. Nxb4 Rxd2+ 45. Kc1 Rd1+ 46.
Kb2 R8d2+ 47. Nc2 Rxa1 48. Kxa1 Rxc2 49. f4 Rxg2 50. h3 Rh2 51. f5 Rxh3 52.
fxe6 fxe6 53. Kxa2 g5 54. Kb2 g4 55. Kc2 g3 56. Kd2 g2 57. e5 g1=Q 58. Ke2 Re3+
59. Kd2 Qf2+ 60. Kd1 Re1# 0-1

[Event "DEM U12/U12w 2013"]
[Site "Oberhof GER"]
[Date "2013.05.19"]
[Round "2"]
[White "Lohrmann, Tabea"]
[Black "Voß, Henrike"]
[Result "0-1"]
[Termination "normal"]
[Board "42"]
[WhiteElo "1553"]
[BlackElo "1063"]
[PlyCount "106"]
[WhiteFideId "12911941"]
[BlackFideId "12971910"]
[EventCountry "GER"]
[EventRounds "11"]
[EventType "swiss"]
[EventDate "2013.05.18"]

1. e4 e5 2. d4 exd4 3. Qxd4 Nc6 4. Qe3 Nf6 5. Nc3 Bb4 6. Bd2 d6 7. f4 Qe7 8.
Bd3 Bc5 9. Qe2 Bg4 10. Nf3 Nd4 11. Qf1 Nxe4 12. O-O-O Nxd2 13. Rxd2 Nxf3 14.
Nd5 Nxd2 15. Nxe7 Nxf1 16. Nd5 Be3+ 17. Nxe3 Nxe3 18. Re1 Kd7 19. Rxe3 a6 20.
h3 Be6 21. f5 Bd5 22. g4 Rhe8 23. Rg3 Re1+ 24. Kd2 Ra1 25. c4 Bc6 26. a3 Re8
27. g5 h5 28. f6 g6 29. Kc3 Ree1 30. h4 Be4 31. Rh3 Bxd3 32. Kxd3 Rh1 33. Re3
Rad1+ 34. Kc2 Rde1 35. Rb3 Re2+ 36. Kc3 Rh3+ 37. Kb4 c5+ 38. Ka4 Rxb3 39. Kxb3
Rh2 40. Kc3 Rxh4 41. Kd3 Rg4 42. b3 Rxg5 43. Ke3 h4 44. Kf4 Rh5 45. Kg4 h3 46.
Kf4 h2 47. Ke4 h1=Q+ 48. Ke3 Qd1 49. Ke4 Qd4+ 50. Kf3 Rh3+ 51. Kg2 Rxb3 52. Kf1
Qd2 53. Kg1 Rb1# 0-1

[Event "DEM U12/U12w 2013"]
[Site "Oberhof GER"]
[Date "2013.05.19"]
[Round "2"]
[White "Recktenwald, Cedric"]
[Black "Steffens, Oliver"]
[Result "0-1"]
[Termination "normal"]
[Board "43"]
[WhiteElo "1042"]
[BlackElo "1432"]
[PlyCount "38"]
[WhiteFideId "12971928"]
[BlackFideId "12947148"]
[EventCountry "GER"]
[EventRounds "11"]
[EventType "swiss"]
[EventDate "2013.05.18"]

1. e4 c5 2. Nc3 e6 3. Nf3 Nc6 4. Bb5 Nge7 5. d3 a6 6. Bxc6 Nxc6 7. O-O Be7 8.
Bf4 O-O 9. a3 d5 10. exd5 exd5 11. d4 cxd4 12. Nxd4 Bf6 13. Nxc6 bxc6 14. Qf3
Be6 15. Rad1 Qd7 16. Ne4 dxe4 17. Qxe4 Bd5 18. Qd3 Qg4 19. Bg3 Bc4 0-1

[Event "DEM U12/U12w 2013"]
[Site "Oberhof GER"]
[Date "2013.05.19"]
[Round "2"]
[White "Groth, Kevin"]
[Black "Christiansen, Sarah"]
[Result "0-1"]
[Termination "normal"]
[Board "44"]
[WhiteElo "1399"]
[BlackElo "1014"]
[PlyCount "72"]
[WhiteFideId "12971804"]
[BlackFideId "12971936"]
[EventCountry "GER"]
[EventRounds "11"]
[EventType "swiss"]
[EventDate "2013.05.18"]

1. d4 d5 2. e3 Nf6 3. Bd3 Nc6 4. c3 e5 5. Nd2 Bd6 6. dxe5 Nxe5 7. Ndf3 Nxd3+ 8.
Qxd3 Be6 9. b3 O-O 10. Ne2 Qd7 11. Bb2 Be7 12. O-O Ne4 13. Rfd1 Rad8 14. Ned4
Bg4 15. c4 Bf6 16. Rac1 Bxd4 17. Qxd4 f6 18. cxd5 Qf5 19. Qc4 Bxf3 20. d6+ Kh8
21. gxf3 Qxf3 22. Qf1 cxd6 23. Rd4 f5 24. Rc7 Rf6 25. Rxd6 Nxd6 26. Bxf6 gxf6
27. Qd3 Rg8+ 28. Kf1 Ne4 29. Rc2 Rg2 30. Rc8+ Kg7 31. Rg8+ Kxg8 32. Qd8+ Kg7
33. Qe7+ Kh6 34. Qxf6+ Kh5 35. Qf7+ Kg4 36. Qg7+ Ng5 0-1

[Event "DEM U12/U12w 2013"]
[Site "Oberhof GER"]
[Date "2013.05.19"]
[Round "2"]
[White "Weiten, Teresa"]
[Black "Ehmann, Johanna"]
[Result "0-1"]
[Termination "normal"]
[Board "46"]
[WhiteElo "995"]
[BlackElo "1350"]
[PlyCount "50"]
[WhiteFideId "12971944"]
[BlackFideId "12953130"]
[EventCountry "GER"]
[EventRounds "11"]
[EventType "swiss"]
[EventDate "2013.05.18"]

1. e4 e5 2. Nf3 Nc6 3. Nc3 Nf6 4. d4 exd4 5. Nxd4 Nxd4 6. Qxd4 d6 7. Bc4 c5 8.
Qd3 Be7 9. O-O O-O 10. Qg3 Nh5 11. Qf3 Nf6 12. h3 Be6 13. Bxe6 fxe6 14. Be3 Qe8
15. Qe2 Qg6 16. Qc4 Nh5 17. Rad1 Rf6 18. Na4 Raf8 19. a3 Rf3 20. Rd3 Rxh3 21.
Bd2 Rff3 22. Rxf3 Rxf3 23. Qe2 Rh3 24. Rd1 Bf6 25. Kf1 Rh1# 0-1

[Event "DEM U12/U12w 2013"]
[Site "Oberhof GER"]
[Date "2013.05.19"]
[Round "2"]
[White "Rosenhain, Rachela"]
[Black "Schubert, Lea Sophie"]
[Result "1-0"]
[Termination "normal"]
[Board "47"]
[WhiteElo "1335"]
[BlackElo "816"]
[PlyCount "41"]
[WhiteFideId "12957615"]
[EventCountry "GER"]
[EventRounds "11"]
[EventType "swiss"]
[EventDate "2013.05.18"]

1. e4 e5 2. Nf3 Nc6 3. Bc4 Bc5 4. O-O Nf6 5. d4 exd4 6. e5 Ng4 7. Bxf7+ Kxf7 8.
Ng5+ Ke8 9. Qxg4 Nxe5 10. Qe4 d6 11. f4 Qe7 12. fxe5 Qxe5 13. Qxe5+ dxe5 14.
Kh1 g6 15. Nd2 Bf5 16. Nde4 h6 17. Nxc5 hxg5 18. Bxg5 Bxc2 19. Rae1 Rh7 20.
Rxe5+ Re7 21. Rxe7+ 1-0

[Event "DEM U12/U12w 2013"]
[Site "Oberhof GER"]
[Date "2013.05.19"]
[Round "2"]
[White "Duan, Muxi"]
[Black "Wurst, Maximilian"]
[Result "0-1"]
[Termination "normal"]
[Board "48"]
[WhiteElo "929"]
[BlackElo "1332"]
[PlyCount "102"]
[WhiteFideId "12971960"]
[BlackFideId "12971812"]
[EventCountry "GER"]
[EventRounds "11"]
[EventType "swiss"]
[EventDate "2013.05.18"]

1. e4 e5 2. Nf3 Nc6 3. Nc3 Nf6 4. Bb5 Bc5 5. O-O a6 6. Ba4 O-O 7. d3 d6 8. Be3
Bb6 9. d4 Bg4 10. d5 Nd4 11. Bxd4 Bxd4 12. Qd3 Bxf3 13. Qxf3 b5 14. Bb3 Bxc3
15. bxc3 a5 16. a4 Qb8 17. c4 b4 18. Rfe1 Qb6 19. c3 bxc3 20. Qxc3 Rab8 21.
Rab1 Qc5 22. Bc2 Ng4 23. Qf3 Nf6 24. Bd3 Rb4 25. Ra1 Rb3 26. Qd1 Rfb8 27. Rb1
Rb2 28. Re2 Rxb1 29. Bxb1 Qxc4 30. h3 Qb4 31. Bc2 h6 32. Re3 Qc5 33. Qd2 Rb2
34. Qc3 Rxc2 35. Qxc5 Rxc5 36. f3 Rc1+ 37. Kf2 Ra1 38. Rc3 Rxa4 39. Rxc7 Kf8
40. Ke3 Rb4 41. Ra7 a4 42. Kd3 Rd4+ 43. Kc3 Rd1 44. Rxa4 Rg1 45. Ra2 g6 46. Kd2
Nh5 47. Ke2 Nf4+ 48. Ke3 Rxg2 49. Ra8+ Ke7 50. Ra7+ Kf6 51. Ra6 Re2# 0-1

[Event "DEM U12/U12w 2013"]
[Site "Oberhof GER"]
[Date "2013.05.22"]
[Round "6"]
[White "Gungl, Theo"]
[Black "Martin, Julian"]
[Result "0-1"]
[Termination "normal"]
[Board "1"]
[WhiteElo "1916"]
[BlackElo "1847"]
[PlyCount "60"]
[WhiteFideId "24695653"]
[BlackFideId "12941000"]
[EventCountry "GER"]
[EventRounds "11"]
[EventType "swiss"]
[EventDate "2013.05.18"]

1. d4 d5 2. c4 e6 3. Nc3 c5 4. cxd5 cxd4 5. Qxd4 Nc6 6. Qd1 exd5 7. Qxd5 Bd7 8.
Nf3 Nf6 9. Qb3 Bc5 10. e3 Qc7 11. Be2 O-O-O 12. Bd2 Be6 13. Bc4 Bg4 14. Bxf7
Bxf3 15. gxf3 Ne5 16. Be6+ Kb8 17. O-O-O Nd3+ 18. Kb1 Nxf2 19. Nd5 Nxd5 20.
Bxd5 Nxh1 21. Rxh1 Rxd5 22. Qxd5 Rd8 23. Qh5 g6 24. Qg5 Rxd2 25. Rc1 Qxh2 26.
Qf6 Qd6 27. Qh8+ Qf8 28. Qc3 Rd5 29. e4 Rh5 30. b4 Bd6 0-1

[Event "DEM U12/U12w 2013"]
[Site "Oberhof GER"]
[Date "2013.05.22"]
[Round "6"]
[White "Reuker, Jari"]
[Black "Buckels, Valentin"]
[Result "1-0"]
[Termination "normal"]
[Board "2"]
[WhiteElo "1802"]
[BlackElo "1994"]
[PlyCount "41"]
[WhiteFideId "12909300"]
[BlackFideId "12942766"]
[EventCountry "GER"]
[EventRounds "11"]
[EventType "swiss"]
[EventDate "2013.05.18"]

1. e4 e5 2. Nf3 Nc6 3. Bc4 Bc5 4. b4 Bxb4 5. c3 Be7 6. d4 exd4 7. Qb3 Bf6 8.
Bxf7+ Kf8 9. Ba3+ d6 10. O-O dxc3 11. Bxg8 Rxg8 12. Nxc3 Na5 13. Qd5 Bxc3 14.
Ng5 Qe8 15. e5 Bxe5 16. Nxh7+ Ke7 17. Qxe5+ Kd7 18. Qxa5 c6 19. Rad1 d5 20.
Rxd5+ cxd5 21. Qxd5+ 1-0

[Event "DEM U12/U12w 2013"]
[Site "Oberhof GER"]
[Date "2013.05.22"]
[Round "6"]
[White "Rockmann, Jan-Okke"]
[Black "Schneider, Jana"]
[Result "1/2-1/2"]
[Termination "normal"]
[Board "3"]
[WhiteElo "1785"]
[BlackElo "1644"]
[PlyCount "130"]
[WhiteFideId "12942111"]
[BlackFideId "12924997"]
[EventCountry "GER"]
[EventRounds "11"]
[EventType "swiss"]
[EventDate "2013.05.18"]

1. e4 e5 2. Nf3 Nc6 3. Bb5 a6 4. Ba4 Nf6 5. d3 b5 6. Bb3 Bc5 7. O-O O-O 8. h3
h6 9. Re1 d6 10. c3 Re8 11. Nbd2 Be6 12. Bc2 d5 13. exd5 Bxd5 14. Ne4 Nxe4 15.
dxe4 Be6 16. Be3 Bxe3 17. Rxe3 Qe7 18. a4 Rad8 19. Qe2 Bc4 20. Bd3 Bxd3 21.
Rxd3 Rxd3 22. Qxd3 Rd8 23. Qe2 Qc5 24. axb5 axb5 25. Rd1 Rxd1+ 26. Qxd1 Qd6 27.
Qe2 b4 28. Qc4 bxc3 29. bxc3 Ne7 30. Qb5 Ng6 31. g3 Kh7 32. h4 h5 33. Ng5+ Kg8
34. Qe8+ Qf8 35. Qd7 c5 36. Qf5 Qe8 37. Nf3 Qb8 38. Kg2 Qb7 39. Nxe5 Nxe5 40.
Qxe5 c4 41. Kf3 Qb3 42. Qd4 Kh7 43. e5 g6 44. Kg2 Qb7+ 45. f3 Qb2+ 46. Kh3 Qc1
47. g4 Qh1+ 48. Kg3 Qe1+ 49. Kf4 Qxh4 50. Qxc4 Qh2+ 51. Ke4 Qc2+ 52. Qd3 Qa4+
53. c4 h4 54. f4 Qa2 55. Qf1 Qc2+ 56. Kd5 Qd2+ 57. Kc6 Qe3 58. Qh1 h3 59. f5
gxf5 60. gxf5 Qh6+ 61. f6 h2 62. Kb5 Qh5 63. Qe4+ Qg6 64. Qh4+ Qh6 65. Qe4+ Qg6
1/2-1/2

[Event "DEM U12/U12w 2013"]
[Site "Oberhof GER"]
[Date "2013.05.22"]
[Round "6"]
[White "Hoffmann, Fabian"]
[Black "Fieberg, Samuel"]
[Result "0-1"]
[Termination "normal"]
[Board "4"]
[WhiteElo "1650"]
[BlackElo "1900"]
[PlyCount "76"]
[WhiteFideId "12964891"]
[BlackFideId "12901717"]
[EventCountry "GER"]
[EventRounds "11"]
[EventType "swiss"]
[EventDate "2013.05.18"]

1. e4 c5 2. Nf3 d6 3. d4 cxd4 4. Nxd4 Nf6 5. Nc3 a6 6. Be3 e5 7. Nb3 Be6 8. Qd2
Nbd7 9. f3 h5 10. g3 Rc8 11. Bd3 Be7 12. Rd1 b5 13. a3 Nb6 14. Qf2 Nc4 15. Bxc4
Rxc4 16. Nc5 Qc8 17. Nxe6 Qxe6 18. Qe2 O-O 19. h3 Rd8 20. Bg5 Nh7 21. Bxe7 Qxe7
22. Nd5 Qg5 23. Qf2 Nf6 24. Ne7+ Kh7 25. Nf5 d5 26. h4 Qg6 27. Ne7 Qh6 28. Nf5
Qg6 29. Ne7 Nxe4 30. Qg2 Qxg3+ 31. Qxg3 Nxg3 32. Rh3 Re8 33. Nxd5 Nf5 34. c3
Rxh4 35. Rxh4 Nxh4 36. Kf2 Re6 37. Rh1 g5 38. Ne3 Rf6 0-1

[Event "DEM U12/U12w 2013"]
[Site "Oberhof GER"]
[Date "2013.05.22"]
[Round "6"]
[White "Mätzkow, Maximilian Paul"]
[Black "Muckle, Julius"]
[Result "1/2-1/2"]
[Termination "normal"]
[Board "5"]
[WhiteElo "1730"]
[BlackElo "1804"]
[PlyCount "110"]
[WhiteFideId "24679933"]
[BlackFideId "12942430"]
[EventCountry "GER"]
[EventRounds "11"]
[EventType "swiss"]
[EventDate "2013.05.18"]

1. e4 e6 2. d4 d5 3. Nc3 Bb4 4. e5 c5 5. a3 Bxc3+ 6. bxc3 Ne7 7. Qg4 Qc7 8.
Qxg7 Rg8 9. Qxh7 cxd4 10. Ne2 Nbc6 11. f4 dxc3 12. Qd3 Bd7 13. Rb1 Rc8 14. h4
Na5 15. h5 a6 16. h6 Bb5 17. Qh7 Kd7 18. Nd4 Bxf1 19. Qxf7 Rg6 20. Rxf1 b5 21.
a4 Nc4 22. axb5 axb5 23. Rxb5 Rxh6 24. Nxe6 Rxe6 25. Rxd5+ Nd6 26. Ba3 Qc4 27.
Rxd6+ Rxd6 28. Qxc4 Rxc4 29. Bxd6 Nf5 30. Rf2 Re4+ 31. Kf1 Ng3+ 32. Kg1 Ne2+
33. Kh2 Nxf4 34. g3 Nd5 35. Kg2 Ke6 36. Kh3 Rd4 37. Kg2 Re4 38. Kf3 Re3+ 39.
Kg4 Re4+ 40. Kg5 Rd4 41. Bb8 Rd2 42. Ba7 Kxe5 43. Bc5 Rxf2 44. Bxf2 Ke4 45. Be1
Ne3 46. Bxc3 Nxc2 47. Bd2 Nd4 48. Kh5 Nf3 49. g4 Nxd2 50. g5 Kf5 51. g6 Ne4 52.
Kh6 Kf6 53. Kh7 Ng5+ 54. Kh6 Ne6 55. g7 Nxg7 1/2-1/2

[Event "DEM U12/U12w 2013"]
[Site "Oberhof GER"]
[Date "2013.05.22"]
[Round "6"]
[White "Stein, Robert"]
[Black "Mönster, Madita"]
[Result "1-0"]
[Termination "normal"]
[Board "6"]
[WhiteElo "1728"]
[BlackElo "1503"]
[PlyCount "43"]
[WhiteFideId "12921084"]
[BlackFideId "12947156"]
[EventCountry "GER"]
[EventRounds "11"]
[EventType "swiss"]
[EventDate "2013.05.18"]

1. e4 c5 2. Nf3 Nc6 3. d4 cxd4 4. Nxd4 Nf6 5. Nc3 e6 6. Nxc6 bxc6 7. Bd3 Qc7 8.
O-O Be7 9. Bg5 O-O 10. Re1 Re8 11. e5 Nd5 12. Bxe7 Rxe7 13. Qh5 h6 14. Re4 Rb8
15. Rg4 Kf8 16. Ne4 Qd8 17. Nf6 d6 18. Qxh6 Re8 19. Rxg7 Ke7 20. Rxf7+ Kxf7 21.
Bg6+ Ke7 22. Qg7# 1-0

[Event "DEM U12/U12w 2013"]
[Site "Oberhof GER"]
[Date "2013.05.22"]
[Round "6"]
[White "Laubrock, Paul"]
[Black "Poghosyan, Tigran"]
[Result "0-1"]
[Termination "normal"]
[Board "7"]
[WhiteElo "1671"]
[BlackElo "1945"]
[PlyCount "96"]
[WhiteFideId "1270509"]
[BlackFideId "12909319"]
[EventCountry "GER"]
[EventRounds "11"]
[EventType "swiss"]
[EventDate "2013.05.18"]

1. e4 c5 2. Nf3 d6 3. Nc3 a6 4. d4 cxd4 5. Nxd4 Nf6 6. Bg5 Nbd7 7. Qd2 Qc7 8.
O-O-O e6 9. f3 Be7 10. Kb1 h6 11. Be3 Nc5 12. g4 Bd7 13. h4 b5 14. Bh3 b4 15.
Nce2 Rb8 16. g5 Ng8 17. Rdg1 a5 18. Rg2 a4 19. gxh6 gxh6 20. Rhg1 Nf6 21. Bxh6
b3 22. cxb3 axb3 23. a3 e5 24. Bxd7+ Kxd7 25. Nf5 Qc6 26. Nxe7 Kxe7 27. Bg7
Nfxe4 28. fxe4 Nxe4 29. Qc1 Qxc1+ 30. Nxc1 Rxh4 31. Rg4 Nd2+ 32. Ka1 Rxg4 33.
Rxg4 f5 34. Rg2 Nc4 35. Bh6 f4 36. Bg5+ Ke6 37. Bh4 e4 38. Be1 Ne3 39. Re2 d5
40. Bf2 d4 41. Kb1 d3 42. Rd2 Ng4 43. Bd4 Kd5 44. Bc3 Kc4 45. Rg2 Rg8 46. a4 f3
47. Rg1 f2 48. Rf1 e3 0-1

[Event "DEM U12/U12w 2013"]
[Site "Oberhof GER"]
[Date "2013.05.22"]
[Round "6"]
[White "Ewert, Hannes"]
[Black "Schmidek, Emil"]
[Result "0-1"]
[Termination "normal"]
[Board "8"]
[WhiteElo "1678"]
[BlackElo "1957"]
[PlyCount "96"]
[WhiteFideId "12961574"]
[BlackFideId "12908150"]
[EventCountry "GER"]
[EventRounds "11"]
[EventType "swiss"]
[EventDate "2013.05.18"]

1. e4 e5 2. Nf3 Nc6 3. Nc3 Nf6 4. a3 Be7 5. d4 exd4 6. Nxd4 d6 7. Nxc6 bxc6 8.
Bd3 O-O 9. O-O d5 10. Kh1 Rb8 11. Rb1 Bc5 12. Bg5 Qd6 13. Bxf6 Qxf6 14. exd5
cxd5 15. Nxd5 Qh4 16. Qf3 Bd6 17. h3 Re8 18. Ne3 h5 19. Bc4 Re7 20. b4 Qd4 21.
Rfd1 Qe5 22. Kg1 Qh2+ 23. Kf1 Be6 24. Bxe6 Rxe6 25. c4 Bf4 26. Rb3 Bxe3 27.
Rxe3 Rxe3 28. fxe3 Qe5 29. Qf4 Qc3 30. Qxc7 Re8 31. Qc5 Qxa3 32. e4 Qb3 33. Re1
Re6 34. b5 Qg3 35. Qe3 Qh2 36. Qg1 Rf6+ 37. Ke2 Qg3 38. Rf1 Re6 39. Qe3 Qxg2+
40. Rf2 Qh1 41. Qf3 Rxe4+ 42. Kd3 Qb1+ 43. Rc2 Rxc4 44. Kxc4 Qxc2+ 45. Kd5 Qg6
46. Qf4 Qe6+ 47. Kc5 Qxh3 48. Kc6 Qc8+ 0-1

[Event "DEM U12/U12w 2013"]
[Site "Oberhof GER"]
[Date "2013.05.22"]
[Round "6"]
[White "Schirra, Maurice"]
[Black "Engel, Luis"]
[Result "0-1"]
[Termination "normal"]
[Board "10"]
[WhiteElo "1656"]
[BlackElo "1740"]
[PlyCount "112"]
[WhiteFideId "12941115"]
[BlackFideId "12961523"]
[EventCountry "GER"]
[EventRounds "11"]
[EventType "swiss"]
[EventDate "2013.05.18"]

1. e4 c5 2. Nc3 a6 3. g3 b5 4. Bg2 Bb7 5. d3 e6 6. f4 Nf6 7. Nf3 d5 8. e5 Ng8
9. O-O h5 10. a4 b4 11. Ne2 Nh6 12. b3 Nc6 13. Kh1 Nf5 14. Neg1 Be7 15. Nh3 g6
16. Nf2 Kf8 17. Qd2 Kg7 18. Bb2 Qb6 19. Qe2 a5 20. Bh3 Ncd4 21. Nxd4 cxd4 22.
Bxf5 exf5 23. Nh3 Bc8 24. Ng1 h4 25. Kg2 Be6 26. Nf3 Rh7 27. Bxd4 Qc6 28. Bf2
hxg3 29. hxg3 Rah8 30. Rh1 d4 31. Rxh7+ Rxh7 32. Bg1 Bd5 33. Rc1 Bxb3 34. Bxd4
Bd5 35. Bg1 Qxa4 36. Kf1 Qc6 37. Nd4 Qd7 38. Nb3 a4 39. Na1 Rh1 40. Qe3 Qc6 41.
Ke2 Bc5 42. d4 Bb6 43. Kd2 Qc4 44. Qd3 Qc7 45. Rd1 Ba5 46. Ke3 Bc4 47. Qd2 Qb7
48. Kf2 Qd5 49. Qe3 Bb6 50. Rd2 Bb5 51. Rd1 Bc6 52. Ke2 Qg2+ 53. Qf2 Bf3+ 54.
Ke3 Qxf2+ 55. Kxf2 Bxd1 56. Kg2 Rxg1+ 0-1

[Event "DEM U12/U12w 2013"]
[Site "Oberhof GER"]
[Date "2013.05.22"]
[Round "6"]
[White "Degenhard, Simon"]
[Black "Sanati, Charlotte"]
[Result "1/2-1/2"]
[Termination "normal"]
[Board "11"]
[WhiteElo "1711"]
[BlackElo "1672"]
[PlyCount "49"]
[WhiteFideId "12944017"]
[BlackFideId "12907707"]
[EventCountry "GER"]
[EventRounds "11"]
[EventType "swiss"]
[EventDate "2013.05.18"]

1. e4 c5 2. d4 cxd4 3. c3 dxc3 4. Nxc3 Nc6 5. Nf3 d6 6. Bc4 Nf6 7. e5 dxe5 8.
Qxd8+ Nxd8 9. Nb5 Rb8 10. Nxe5 e6 11. Be3 b6 12. O-O-O Bb7 13. Nc7+ Ke7 14. Bg5
Bd5 15. Bxd5 Rc8 16. Kb1 Rxc7 17. Bf3 h6 18. Bf4 Rc8 19. Rxd8 Rxd8 20. Nc6+ Ke8
21. Nxd8 Kxd8 22. Rd1+ Nd5 23. Bxd5 exd5 24. Rxd5+ Kc8 25. Bd6 1/2-1/2

[Event "DEM U12/U12w 2013"]
[Site "Oberhof GER"]
[Date "2013.05.22"]
[Round "6"]
[White "Savchenko, Daniel"]
[Black "Alekhanov, Jannis"]
[Result "1-0"]
[Termination "normal"]
[Board "12"]
[WhiteElo "1763"]
[BlackElo "1675"]
[PlyCount "83"]
[WhiteFideId "12919195"]
[BlackFideId "12921238"]
[EventCountry "GER"]
[EventRounds "11"]
[EventType "swiss"]
[EventDate "2013.05.18"]

1. e4 c5 2. Nf3 d6 3. d4 cxd4 4. Nxd4 Nf6 5. Nc3 a6 6. f4 Nbd7 7. a4 e6 8. Be3
b6 9. Qf3 Bb7 10. g4 Nc5 11. Bd3 d5 12. e5 Nxd3+ 13. cxd3 Nd7 14. O-O Bc5 15.
Qg3 Bxd4 16. Bxd4 Nc5 17. f5 O-O 18. f6 Nb3 19. Qe3 gxf6 20. exf6 Kh8 21. Rae1
Nxd4 22. Qxd4 Rg8 23. Qf4 Rg6 24. Re5 Qg8 25. h3 Qf8 26. g5 Qc5+ 27. d4 Qb4 28.
Qd2 b5 29. axb5 axb5 30. Rf2 Qc4 31. h4 b4 32. Ne2 Bc8 33. h5 Rg8 34. g6 fxg6
35. f7 Rf8 36. hxg6 Ra1+ 37. Kh2 Kg7 38. gxh7 Rh8 39. f8=B+ Rxf8 40. Qg5+ Kxh7
41. Qh5+ Kg8 42. Rg5# 1-0

[Event "DEM U12/U12w 2013"]
[Site "Oberhof GER"]
[Date "2013.05.22"]
[Round "6"]
[White "Wierzbicki, Jirawat"]
[Black "Biastoch, Bennet"]
[Result "1-0"]
[Termination "normal"]
[Board "13"]
[WhiteElo "1704"]
[BlackElo "1676"]
[PlyCount "81"]
[WhiteFideId "1153579"]
[BlackFideId "12939889"]
[EventCountry "GER"]
[EventRounds "11"]
[EventType "swiss"]
[EventDate "2013.05.18"]

1. e4 c5 2. c3 Nf6 3. e5 Nd5 4. Nf3 e6 5. Bc4 d6 6. d4 cxd4 7. cxd4 Nc6 8. Qe2
Be7 9. O-O O-O 10. Re1 Na5 11. Bd3 Nb4 12. Bb5 a6 13. Ba4 b5 14. a3 Nd5 15. Bc2
Nc4 16. Qe4 f5 17. exf6 Nxf6 18. Qxa8 Qc7 19. Ng5 Nd5 20. Nxe6 Bxe6 21. Qxa6
Bd7 22. Be4 Bc6 23. Bxd5+ Bxd5 24. Qxb5 Bf7 25. Nc3 Bh4 26. Ne4 d5 27. Ng3 Qd8
28. Be3 Nd6 29. Qe2 Bg6 30. Rac1 Qf6 31. Rc6 Be8 32. Rb6 Qg6 33. Qa6 Rf6 34. a4
Re6 35. a5 Bd8 36. Rb3 Ba4 37. Rb8 Nf7 38. Qa8 Bc6 39. Rxd8+ Nxd8 40. Qxd8+ Re8
41. Qb6 1-0

[Event "DEM U12/U12w 2013"]
[Site "Oberhof GER"]
[Date "2013.05.22"]
[Round "6"]
[White "Köhler, Inken"]
[Black "Müller, Elias"]
[Result "1-0"]
[Termination "normal"]
[Board "14"]
[WhiteElo "1527"]
[BlackElo "1674"]
[PlyCount "47"]
[WhiteFideId "12929301"]
[BlackFideId "12917133"]
[EventCountry "GER"]
[EventRounds "11"]
[EventType "swiss"]
[EventDate "2013.05.18"]

1. e4 c5 2. d4 cxd4 3. c3 dxc3 4. Nxc3 Nc6 5. Nf3 d6 6. Bc4 a6 7. h3 Nf6 8. Qe2
e6 9. O-O Qc7 10. Rd1 Be7 11. Be3 Ne5 12. Nxe5 dxe5 13. Rac1 Qb8 14. Bb3 b5 15.
Qd3 O-O 16. Ne2 Bd7 17. Bc5 Bxc5 18. Rxc5 Qb7 19. Rxe5 Bc6 20. f3 Nd7 21. Rg5
h6 22. Rg3 Nc5 23. Qc3 Nxb3 24. Qxg7# 1-0

[Event "DEM U12/U12w 2013"]
[Site "Oberhof GER"]
[Date "2013.05.22"]
[Round "6"]
[White "Mantel, Ruben"]
[Black "Petersen, Marcel"]
[Result "0-1"]
[Termination "normal"]
[Board "15"]
[WhiteElo "1667"]
[BlackElo "1582"]
[PlyCount "72"]
[WhiteFideId "12930121"]
[BlackFideId "12935670"]
[EventCountry "GER"]
[EventRounds "11"]
[EventType "swiss"]
[EventDate "2013.05.18"]

1. e4 e5 2. Bc4 Bc5 3. Nc3 Nf6 4. d3 d6 5. Be3 Bb6 6. Nge2 Nc6 7. Bxb6 axb6 8.
O-O O-O 9. f4 Bg4 10. f5 Bxe2 11. Nxe2 Na5 12. Bb3 Nxb3 13. axb3 d5 14. exd5
Qxd5 15. Kh1 Qc5 16. Nc3 b5 17. Qe2 b4 18. Ne4 Nxe4 19. dxe4 f6 20. Rfd1 Rxa1
21. Rxa1 Rd8 22. Rd1 Rxd1+ 23. Qxd1 Qd4 24. Qxd4 exd4 25. Kg1 Kf7 26. Kf2 Ke7
27. Kf3 Kd6 28. Kf4 c5 29. g4 b5 30. h4 h6 31. g5 hxg5+ 32. hxg5 fxg5+ 33. Kxg5
Ke5 34. Kg6 Kxe4 35. f6 gxf6 36. Kxf6 c4 0-1

[Event "DEM U12/U12w 2013"]
[Site "Oberhof GER"]
[Date "2013.05.22"]
[Round "6"]
[White "Fromm, Katja"]
[Black "Wong, Gengchun"]
[Result "0-1"]
[Termination "normal"]
[Board "16"]
[WhiteElo "1546"]
[BlackElo "1654"]
[PlyCount "48"]
[WhiteFideId "12929409"]
[BlackFideId "12963283"]
[EventCountry "GER"]
[EventRounds "11"]
[EventType "swiss"]
[EventDate "2013.05.18"]

1. d4 Nf6 2. c4 g6 3. Nc3 d5 4. Nf3 Bg7 5. Bg5 Ne4 6. e3 O-O 7. Bd3 Nxg5 8.
Nxg5 e5 9. Nh3 exd4 10. exd4 Re8+ 11. Be2 dxc4 12. d5 Qh4 13. Ng1 Bg4 14. g3
Bxe2 15. Ngxe2 Bxc3+ 16. bxc3 Qe4 17. Rf1 Qd3 18. Rc1 Nd7 19. f4 Nf6 20. Kf2
Ng4+ 21. Ke1 Nxh2 22. Rf2 Qxg3 23. Qd4 Nf3+ 24. Kd1 Rxe2 0-1

[Event "DEM U12/U12w 2013"]
[Site "Oberhof GER"]
[Date "2013.05.22"]
[Round "6"]
[White "Birg, Raphael"]
[Black "Ott, Josef Sebastian"]
[Result "1-0"]
[Termination "normal"]
[Board "17"]
[WhiteElo "1542"]
[BlackElo "1600"]
[PlyCount "93"]
[WhiteFideId "12971774"]
[BlackFideId "12952079"]
[EventCountry "GER"]
[EventRounds "11"]
[EventType "swiss"]
[EventDate "2013.05.18"]

1. e4 e5 2. Nf3 Nc6 3. d4 exd4 4. Nxd4 Nf6 5. Nc3 Bb4 6. Nxc6 bxc6 7. Qd4 Bxc3+
8. Qxc3 O-O 9. Bg5 Nxe4 10. Bxd8 Nxc3 11. bxc3 Rxd8 12. Bd3 Re8+ 13. Kd2 h6 14.
Rhe1 Bb7 15. Rxe8+ Rxe8 16. Rb1 Ba8 17. Bf5 d6 18. Bd7 Rd8 19. f3 Kf8 20. Bf5
Ke7 21. Be4 g6 22. Re1 Kd7 23. c4 f5 24. Bd3 Rb8 25. Kc3 c5 26. a3 c6 27. g4
fxg4 28. fxg4 g5 29. Bf5+ Kc7 30. Re7+ Kb6 31. Rh7 d5 32. Rxh6 d4+ 33. Kb2 Bb7
34. h4 gxh4 35. Rxh4 Bc8 36. Rh8 Kb7 37. Rxc8 Rxc8 38. Bxc8+ Kxc8 39. Kb3 Kd7
40. Ka4 Ke6 41. Ka5 Ke5 42. Ka6 Ke4 43. Kxa7 d3 44. cxd3+ Kxd3 45. g5 Kxc4 46.
g6 Kb3 47. g7 1-0